[Event "New York Marshall Labor Day Schev"]
[Site "New York"]
[Date "2024.08.30"]
[Round "2.9"]
[White "Zaderman, Vitaly"]
[Black "Zhao, Alex"]
[Result "0-1"]
[WhiteElo "2093"]
[BlackElo "2043"]
[PlyCount "88"]
[EventDate "2024.08.29"]
[EventType "schev"]
[EventRounds "9"]
[EventCountry "USA"]
[SourceTitle "EXT 2025"]
[Source "ChessBase"]
[SourceDate "2024.10.14"]
[SourceVersion "1"]
[SourceVersionDate "2024.10.14"]
[SourceQuality "1"]

1. d4 d6 2. c4 e5 3. dxe5 dxe5 4. Qxd8+ Kxd8 5. Nc3 Be6 6. b3 Nd7 7. Nf3 f6 8. g3 c6 9. Bg2 Kc7 10. Bb2 a5 11. 0-0 Nh6 12. Rac1 Nc5 13. Rfd1 Nf7 14. Ne1 Rd8 15. Rxd8 Nxd8 16. Ne4 Bf5 17. Nxc5 Bxc5 18. e3 Ne6 19. Kf1 Rd8 20. Ke2 Bb4 21. Bc3 Nc5 22. f3 Bxc3 23. Rxc3 Bb1 24. a3 Ba2 25. b4 axb4 26. axb4 Na4 27. Rc1 Nb2 28. c5 Bc4+ 29. Kf2 Nd1+ 30. Kg1 Nxe3 31. Rc3 Nxg2 32. Nxg2 Rd1+ 33. Kf2 Rd2+ 34. Kg1 Be6 35. f4 Bd5 36. Ne3 exf4 37. gxf4 Rd4 38. Nxd5+ cxd5 39. Rg3 Rxb4 40. Rxg7+ Kc6 41. Rxh7 Rxf4 42. h4 d4 43. h5 d3 44. Rh8 Rd4 0-1